| 000 | 00725nam a2200241Ia 4500 | ||
|---|---|---|---|
| 003 | GCL | ||
| 008 | 140319s9999 xx 000 0 ara d | ||
| 040 |
_aGCL / _cGCL |
||
| 082 | 0 | 4 |
_a349.604 _bح م |
| 100 | 1 | _aحامد مصطفى | |
| 245 | 1 | 0 |
_aالملكية العقارية فى العراق / _cحامد مصطفى |
| 700 | 1 | _aمعهد الدراسات العربية العالية | |
| 260 |
_a[S.N] : _bدار الفكر العربى ، _c1964 |
||
| 300 | _a284 ص | ||
| 490 | _a | ||
| 650 | 0 | 4 | _aالقانون |
| 650 | 0 | 4 | _aمصر |
| 650 | 0 | 4 | _aسوريا |
| 650 | 0 | 4 | _aالعراق |
| 650 | 0 | 4 | _aالقانون المقارن |
| 650 | 0 | 4 | _aقانون الملكية المقارن |
| 942 |
_2ddc _cBK |
||
| 999 |
_c55351 _d55351 |
||